Slovakia past and present

Bibliographic Details
Main Author: Street, Cecil J. C. (Cecil John Charles), 1884-1964 (Author)
Format: Book
Language:English
PhysicalDescription:64 strán 21 cm
Published: London The Czech society of Great Britain by P.S. King & Son, Ltd. 1928
Subjects:

MARC

LEADER 00000cam a2200000 a 4500
001 vtls012273915
003 SK-MaSNL
005 20260301192754.0
008 251001s1928 xxk frn 000 0 eng
015 |a SNBA1928/03 
020 |q (brožované) 
040 |a SNK  |b slo  |c SNK  |e AACR2 
041 0 |a eng 
043 |a e-xo--- 
044 |a xxk  |c GB 
072 7 |a 323  |x Vnútropolitický vývoj, politický život  |2 konspekt 
072 7 |a 316.3  |x Globálne spoločnosti. Sociálna štruktúra. Sociálne skupiny  |2 konspekt 
072 7 |a 94(437.6)  |x Dejiny Slovenskej republiky  |2 konspekt 
080 |a 314.113:323.1  |2 2011 
080 |a 323.17  |2 2011 
080 |a (=162.4)  |2 2011 
080 |a 94(437.6)  |2 2011 
080 |a (048.8)  |2 2011 
100 1 |a Street, Cecil J. C.  |q (Cecil John Charles),  |d 1884-1964  |4 aut  |9 192286 
245 1 0 |a Slovakia past and present  |c by C.J.C. Street 
260 |a London  |b The Czech society of Great Britain by P.S. King & Son, Ltd.  |c 1928 
300 |a 64 strán  |c 21 cm 
504 |a Bibliografia na strane 63-64 
650 0 7 |a národnostná politika  |2 SNKPH  |9 4656 
650 0 7 |a Slováci  |2 SNKPH  |9 22552 
650 0 7 |a právo na sebaurčenie  |2 SNKPH  |9 2693 
651 7 |a Slovensko  |x dejiny  |2 SNKPHgeo  |9 13278 
655 7 |a štúdie  |2 SNKPH  |9 57033 
655 7 |a monografie  |2 SNKPH  |9 70139 
852 |a Slovenská národná knižnica 
954 |a odborná, vedecká literatúra cudzojazyčná (svetová)  |2 lita 
958 |a EUIPO 
958 |a RK 
958 |a TL 
958 |a OND 
958 |a SP 
958 |a NB 
999 |c 875049  |d 876979 
952 |a SNK  |b SNK  |y PREZ  |7 0  |p 17A0727474  |o snkSC 1905  |i snk531/36  |0 0  |1 0  |4 0  |d 2025-03-24  |f 1  |l 0  |r 2025-06-11 00:00:00  |w 2026-02-24